Statistics for Right Handed Speed Typing

Click here to take the quiz!

General Stats

  • This quiz has been taken 940 times
  • The average score is 34 of 44

Answer Stats

HintAnswer% Correct
HmmHmm
100%
InkInk
99%
HillHill
98%
LipLip
98%
HullHull
97%
LoinLoin
97%
YolkYolk
97%
HippoHippo
96%
JimmyJimmy
96%
MinkMink
96%
MojoMojo
96%
NoonNoon
96%
PlumPlum
96%
JumpyJumpy
95%
KnollKnoll
95%
MilkyMilky
95%
OomphOomph
94%
PinupPinup
94%
JoypopJoypop
93%
PunkPunk
93%
UnionUnion
93%
YummyYummy
92%
MinionMinion
91%
JiminyJiminy
90%
KimonoKimono
90%
NymphoNympho
86%
PipkinPipkin
83%
OililyOilily
82%
UnholyUnholy
82%
HomonymHomonym
73%
LumpilyLumpily
69%
MillionMillion
67%
PumpkinPumpkin
63%
HokypokyHokypoky
57%
LollypopLollypop
54%
MinimillMinimill
46%
MonopolyMonopoly
44%
NonunionNonunion
37%
PoloniumPolonium
31%
UnholilyUnholily
29%
HomophonyHomophony
23%
MonophonyMonophony
20%
PolyphonyPolyphony
17%
HypolimnionHypolimnion
15%

Score Distribution

Percentile by Number Answered

Percent of People with Each Score

Your Score History

You have not taken this quiz